Sam Johnson's boy : A close-up of the President from Texas
Αποθηκεύτηκε σε:
| Κύριος συγγραφέας: | |
|---|---|
| Μορφή: | Βιβλίο |
| Γλώσσα: | Undetermined |
| Έκδοση: |
New York
Macmillan
1968
|
| Θέματα: | |
| Ετικέτες: |
Προσθήκη ετικέτας
Δεν υπάρχουν, Καταχωρήστε ετικέτα πρώτοι!
|
| Thư viện lưu trữ: | Trung tâm Học liệu Trường Đại học Cần Thơ |
|---|
| LEADER | 00560nam a2200205Ia 4500 | ||
|---|---|---|---|
| 001 | CTU_88706 | ||
| 008 | 210402s9999 xx 000 0 und d | ||
| 082 | |a 973.923 | ||
| 082 | |b S819 | ||
| 100 | |a Steinberg, Alfred | ||
| 245 | 0 | |a Sam Johnson's boy : | |
| 245 | 2 | |b A close-up of the President from Texas | |
| 245 | 0 | |c Alfred Steinberg | |
| 260 | |a New York | ||
| 260 | |b Macmillan | ||
| 260 | |c 1968 | ||
| 650 | |a Politics and government | ||
| 650 | |z United States | ||
| 904 | |i Bằng,Hải | ||
| 980 | |a Trung tâm Học liệu Trường Đại học Cần Thơ | ||